Catálogo público

Muck soil investigations : (Record no. 205748)

MARC details
000 -CABECERA
campo de control de longitud fija 00967nam a2200313Ia 4500
001 - NÚMERO DE CONTROL
campo de control Para_7002
003 - IDENTIFICADOR DEL NÚMERO DE CONTROL
campo de control CHAP
008 - DATOS DE LONGITUD FIJA--INFORMACIÓN GENERAL
campo de control de longitud fija 220125s1931 xx 000 0 und d
010 ## - NÚMERO DE CONTROL DE LA BIBLIOTECA DEL CONGRESO
Número de control de LC 205748
040 ## - FUENTE DE LA CATALOGACIÓN
Centro/agencia transcriptor CHAP
082 ## - NÚMERO DE LA CLASIFICACIÓN DECIMAL DEWEY
Número de clasificación PA-C 631.4 B85
100 ## - ENTRADA PRINCIPAL--NOMBRE DE PERSONA
Nombre de persona Wilson, Lemoyne
9 (RLIN) 171846
245 ## - MENCIÓN DE TÍTULO
Título Muck soil investigations :
Resto del título progress report sanpete county experimental farm 1927-1930, inclusive /
Mención de responsabilidad, etc. by Lemoyne Wilson and George Stewart
260 ## - PUBLICACIÓN, DISTRIBUCIÓN, ETC.
Lugar de publicación, distribución, etc. Logan, Utah :
Nombre del editor, distribuidor, etc. Utah. Agricultural Experiment Station
300 ## - DESCRIPCIÓN FÍSICA
Extensión 24 p.
440 ## - MENCIÓN DE SERIE/PUNTO DE ACCESO ADICIONAL--TÍTULO
Título Bulletin ; 24
9 (RLIN) 171847
500 ## - NOTA GENERAL
Nota general Enc. con otros impresos similares
650 ## - PUNTO DE ACCESO ADICIONAL DE MATERIA--TÉRMINO DE MATERIA
Término de materia o nombre geográfico como elemento de entrada Abonos
Subdivisión general efecto en suelos
650 ## - PUNTO DE ACCESO ADICIONAL DE MATERIA--TÉRMINO DE MATERIA
Término de materia o nombre geográfico como elemento de entrada Estiércol
9 (RLIN) 38313
650 ## - PUNTO DE ACCESO ADICIONAL DE MATERIA--TÉRMINO DE MATERIA
Término de materia o nombre geográfico como elemento de entrada Suelos
Subdivisión general EUA
9 (RLIN) 171754
700 ## - PUNTO DE ACCESO ADICIONAL--NOMBRE DE PERSONA
Nombre de persona Stewart, George
9 (RLIN) 109764
901 ## - ELEMENTOS DE DATOS A LOCAL LDA (RLIN)
a PA-C 631.4 B85
902 ## - ELEMENTOS DE DATOS B LOCAL, LDB (RLIN)
a A
905 ## - ELEMENTOS DE DATOS E LOCAL, LDE (RLIN)
a 0000001931 0000000000 00
910 ## - DATOS DE OPCIÓN DEL USUARIO (OCLC)
Datos de opción del usuario 1931
942 ## - ELEMENTOS DE PUNTO DE ACCESO ADICIONAL (KOHA)
Tipo de ítem Koha Parasitologia_
942 ## - ELEMENTOS DE PUNTO DE ACCESO ADICIONAL (KOHA)
Tipo de ítem Koha Parasitologia_
-- 1
Holdings
Estado de retiro Estado de pérdida Fuente del sistema de clasificación o colocación Estado dañado Restricciones de uso No para préstamo Código de colección Localización permanente Ubicación/localización actual Ubicación en estantería Fecha de adquisición Información codificada de la localización en otra ubicación Total de préstamos Código de barras Fecha visto por última vez Precio válido a partir de Tipo de ítem Koha Nota pública
    Dewey Decimal Classification   Préstamo interno   Consulta Parasitologia Agricola Parasitologia Agricola   27/10/2005 PARA   PA_5285-5 25/01/2022 25/01/2022 Libro 3